Statistiken für Deutsche Städte am Bild erkennen

Klicken Sie hier um das Quiz zu spielen!

Allgemein

  • Dieses Quiz wurde 153 mal gespielt
  • Das Durchschnittsergebnis liegt bei 5 aus 10

Antwortstatistiken

Antwort% Korrekt
Köln
99%
Berlin
96%
München
88%
Dresden
74%
Kiel
55%
Schwerin
39%
Karlsruhe
23%
Saarbrücken
21%
Hansestadt Hamburg
16%
Hansestadt Rostock
2%

Verteilung der Resultate

Perzentil nach korrekt beantworteten Fragen

Anzahl Personen mit jedem Resultat

Ihre Resultats-Entwicklung

Sie haben dieses Quiz noch nicht gespielt